Súčasná rodina a právo /

Hlavní autor: Planková, Olga
Jazyk: Slovenština
Vydáno: Bratislava : SÚV Socialistickej akadémie ČSSR, 1984
Edice: Študijné materiály pre lektorov
Človek, spoločnosť, socializmus
Fyzický popis: 72 s.
Knihy
Uloženo v:
LEADER 00809nam a2200241 a 4500
001 000455030
003 CZ BrMZK
005 20110719145333.0
007 ta
008 990305s1984 xo f slo d
040 |a BOA001  |b cze 
080 |a 347.61  |2 MRF 
100 1 |a Planková, Olga  |7 jn20010309718  |4 aut 
245 1 0 |a Súčasná rodina a právo /  |c Oľga Planková. 
260 |a Bratislava :  |b SÚV Socialistickej akadémie ČSSR,  |c 1984 
300 |a 72 s. 
490 1 |a Študijné materiály pre lektorov ;  |v 29/1984 
490 1 |a Človek, spoločnosť, socializmus 
830 0 |a Študijné materiály pre lektorov 
830 0 |a Človek, spoločnosť, socializmus 
910 |a BOA001  |b 2-0878.090 
990 |a BK 
996 7 |b 2619203378  |c 2-0878.090  |l MZK  |r Sklad / do 1 hodiny  |n 1  |w 000455030  |u 000010  |a 1  |e BOA001  |j MZK50  |s A